000 00514nam a2200169Ia 4500
008 090711s9999 xx 000 0 und d
082 _b1073
100 _aबोराडे रा. रं.
245 _aफजितगाडा
260 _bउत्कर्ष प्रकाशन
_c1997
300 _a164
600 _aबोराडे रा. रं.
630 _aफजितगाडा
700 _aबोराडे रा. रं.
730 _aफजितगाडा
942 _cBOOK
999 _c333909
_d333909